[Event "7th HD Bank Cup 2017"]
[Site "Ho Chi Minh City VIE"]
[Date "2017.03.12"]
[Round "2.8"]
[White "Xu,Yinglun"]
[Black "Hoang Canh Huan"]
[Result "1-0"]
[WhiteElo "2540"]
[BlackElo "2405"]

1.d4 Nf6 2.c4 g6 3.Nc3 Bg7 4.e4 O-O 5.Nf3 d6 6.Be2 Bg4 7.Be3 Nfd7 8.Rc1 c5
9.d5 Na6 10.O-O Nc7 11.h3 Bxf3 12.Bxf3 a6 13.a4 Re8 14.Be2 Nf8 15.a5 e6 16.Qd2
exd5 17.exd5 f5 18.Rfe1 Qd7 19.Rb1 Qf7 20.g3 Nd7 21.b4 Rab8 22.Na4 Qf8 23.Kg2
Kh8 24.Nb6 Nf6 25.Bf3 cxb4 26.Qxb4 Red8 27.Na4 Nce8 28.Bb6 Rd7 29.c5 Rc8
30.Rbc1 Rf7 31.c6 g5 32.cxb7 Rb8 33.Rc8 Rfxb7 34.Qc4 Rxc8 35.Qxc8 Rd7 36.Nc3
Qf7 37.Bd1 h5 38.Ba4 Re7 39.Rxe7 Qxe7 40.Qxf5 Qe1 41.Nd1 {#r} 1-0

[Event "7th HD Bank Cup 2017"]
[Site "Ho Chi Minh City VIE"]
[Date "2017.03.12"]
[Round "2.10"]
[White "Li Ruofan"]
[Black "Tran Tuan Minh"]
[Result "0-1"]
[WhiteElo "2352"]
[BlackElo "2503"]

1.d4 Nf6 2.c4 e6 3.Nc3 Bb4 4.Qc2 O-O 5.e4 d6 6.e5 Nfd7 7.Nf3 c5 8.exd6 cxd4
9.Nxd4 Bxd6 10.Be3 a6 11.Bd3 h6 12.O-O Qc7 13.Nf3 Nc6 14.Be2 Ne7 15.Ne4 Nf5
16.Bd2 Be7 17.c5 Nf6 18.Nxf6+ Bxf6 19.Rac1 Bd7 20.b4 Bb5 21.Rfe1 Rfd8 22.Bc3
Bxc3 23.Qxc3 Rd5 24.Bc4 Bxc4 25.Qxc4 Rad8 26.a4 Nd4 27.Qc3 Qc6 28.Nxd4 Rxd4
29.Qb3 Rd3 30.Qc2 Rd2 31.Qe4 R8d5 32.Qf4 R2d4 33.Qg3 Rxb4 34.a5 Rb5 35.Qb8+
Kh7 36.Qf8 Rbxc5 37.Rxc5 Qxc5 38.Qxc5 Rxc5 39.Ra1 Kg6 40.g3 Kf6 41.h4 Ke7
42.Rb1 Rb5 43.Ra1 g5 44.hxg5 hxg5 45.Ra4 f5 46.f4 g4 47.Ra3 Kd6 48.Kf2 Kd5
49.Re3 Kd4 50.Ra3 Rb2+ 51.Kf1 Kc4 52.Ra4+ Kd5 53.Kg1 e5 54.fxe5 Kxe5 55.Kf1
Kd6 56.Kg1 Kc6 57.Kf1 Kb5 58.Ra1 Rb4 59.Kf2 f4 60.gxf4 Rxf4+ 61.Kg3 Ra4
62.Rb1+ Rb4 63.Ra1 b6 64.axb6 Kxb6 65.Re1 a5 66.Re6+ Kb5 67.Re5+ Ka4 68.Kf2
Rc4 69.Ke3 Kb4 70.Kd3 a4 71.Re8 Kb3 72.Rb8+ Rb4 73.Rc8 a3 74.Rc3+ Kb2 75.Rc2+
Kb1 76.Rg2 a2 77.Rg1+ Kb2 78.Rg2+ Ka3 {#R} 0-1

[Event "7th HD Bank Cup 2017"]
[Site "Ho Chi Minh City VIE"]
[Date "2017.03.12"]
[Round "2.13"]
[White "Le Tuan Minh"]
[Black "Ervan,Mohamad"]
[Result "1-0"]
[WhiteElo "2475"]
[BlackElo "2401"]

1.d4 Nf6 2.c4 e6 3.Nc3 d5 4.e3 c6 5.Nf3 Nbd7 6.Qc2 Bd6 7.Be2 O-O 8.O-O dxc4
9.Bxc4 e5 10.h3 Qe7 11.a3 Bc7 12.Ba2 a6 13.Bd2 exd4 14.exd4 Nb6 15.Bg5 Qd6
16.Rae1 Nfd5 17.Bd2 Nf4 18.Ne5 Ne6 19.Be3 f6 20.Nf3 Kh8 21.d5 Nxd5 22.Nxd5
cxd5 23.Rd1 d4 24.Bxd4 Ng5 25.Ne5 fxe5 26.Bc5 Qh6 27.Bxf8 Nf3+ 28.gxf3 Bxh3
29.Be7 {#r} 1-0

[Event "7th HD Bank Cup 2017"]
[Site "Ho Chi Minh City VIE"]
[Date "2017.03.12"]
[Round "2.16"]
[White "Garcia,Jan"]
[Black "Nguyen Thi Thanh An"]
[Result "1-0"]
[WhiteElo "2444"]
[BlackElo "2283"]

1.d4 Nf6 2.c4 g6 3.g3 Bg7 4.Bg2 O-O 5.Nf3 d6 6.O-O Nc6 7.Nc3 a6 8.Bf4 Bf5
9.Rc1 Ne4 10.Nxe4 Bxe4 11.d5 e5 12.Nxe5 dxe5 13.Bxe4 exf4 14.dxc6 bxc6 15.Bxc6
fxg3 16.Bxa8 gxh2+ 17.Kh1 Qxa8+ 18.Qd5 c6 19.Qg2 Bxb2 20.Rcd1 Qe8 21.Rd2 Ba3
22.Rd3 Bc5 23.f4 Bg1 24.f5 Qe5 25.fxg6 hxg6 26.Qxc6 Qxe2 27.Rdf3 Qe7 28.Qxa6
Kg7 29.Qf6+ Qxf6 30.Rxf6 Ra8 31.Rxf7+ Kh6 32.R1f3 Rxa2 33.Rh3+ Kg5 34.Rg3+ Kh6
35.Rh3+ Kg5 36.Rg3+ Kh6 37.Rf6 Ra1 38.Rfxg6+ Kh5 39.R3g5+ Kh4 40.Rg4+ Kh3
41.Rg3+ Kh4 42.R3g4+ Kh3 43.Rg3+ Kh4 44.Rd3 Rc1 45.Rc6 Kg4 46.Rc8 Bc5+ 47.Kxh2
Rxc4 48.Kg2 Rc2+ 49.Kf1 Rf2+ 50.Ke1 Rf5 51.Ke2 Re5+ 52.Kd1 Kf4 53.Kc2 Ke4
54.Rh3 Be7 55.Rc4+ Kd5 56.Ra4 Bc5 57.Kd3 Kc6 58.Ra6+ Kb5 59.Ra8 Rd5+ 60.Ke4
Rd4+ 61.Ke5 Rd1 62.Rb8+ Kc4 63.Rh4+ Rd4 64.Rxd4+ Bxd4+ 65.Ke4 Bg1 66.Rb1 Bh2
67.Rc1+ Kb5 68.Rh1 Bg3 69.Rh6 Kc5 70.Re6 Bd6 71.Rg6 Bc7 72.Rg1 Kc6 73.Rc1+ Kd6
74.Kd4 Bb6+ 75.Kc4 Kc6 76.Rh1 Be3 77.Re1 Bf4 78.Re6+ Kc7 79.Kc5 Kb7 80.Rb6+
Ka7 81.Kc6 Bg3 82.Rb3 Be5 83.Rb7+ Ka8 84.Re7 Bg3 85.Kb6 Bh2 {#r} 1-0

[Event "7th HD Bank Cup 2017"]
[Site "Ho Chi Minh City VIE"]
[Date "2017.03.12"]
[Round "2.17"]
[White "Ning,Kaiyu"]
[Black "Xu,Yi"]
[Result "0-1"]
[WhiteElo "2022"]
[BlackElo "2444"]

1.d4 Nf6 2.c4 e6 3.Nf3 d5 4.Nc3 Bb4 5.Bg5 h6 6.Bxf6 Qxf6 7.Qa4+ Nc6 8.cxd5
exd5 9.e3 O-O 10.Be2 Qg6 11.O-O Bh3 12.Ne1 Rad8 13.Bf3 Be6 14.Qb5 Bxc3 15.bxc3
Rb8 16.Bxd5 Nxd4 17.cxd4 c6 18.Bxc6 bxc6 19.Qe2 Rb6 20.Rc1 Bf5 21.f3 Bb1 22.e4
Qd6 23.Rd1 Rfb8 24.Rf2 a5 25.d5 cxd5 26.Rxd5 Qa3 27.Qd2 a4 28.Rd8+ Kh7 29.Rxb8
Rxb8 30.g3 Qc5 31.Kg2 a3 32.Nd3 Qc4 33.Qf4 Rb5 34.Nc1 Qc5 35.Nb3 Rxb3 36.axb3
a2 37.Rxa2 Bxa2 38.Qxf7 Qc2+ 39.Kh3 Bxb3 40.Qf5+ Kg8 41.Qe5 Bc4 42.Qe8+ Kh7
43.Qd7 h5 44.Qd6 Qf2 45.Qf4 Be6+ 46.Kh4 Qxh2+ 47.Kg5 Qg2 48.Kxh5 Qh1+ 49.Qh4
Qxf3+ 50.Kg5+ Kg8 51.Qf4 Qe2 52.Qb8+ Kh7 53.Qf4 Qh2 54.Qh4+ Qxh4+ 55.gxh4 Bf7
56.e5 Be6 57.Kh5 Bd5 58.Kg5 Bf7 59.Kf5 Kh6 60.e6 Be8 {#R} 0-1

[Event "7th HD Bank Cup 2017"]
[Site "Ho Chi Minh City VIE"]
[Date "2017.03.12"]
[Round "2.18"]
[White "Shyam,N"]
[Black "Vo Thi Kim Phung"]
[Result "1-0"]
[WhiteElo "2440"]
[BlackElo "2220"]

1.d4 d5 2.c4 e6 3.Nc3 Nf6 4.Bg5 Nbd7 5.Nf3 c6 6.e3 Qa5 7.Nd2 Ne4 8.Ncxe4 dxe4
9.Bh4 e5 10.c5 b6 11.Bc4 bxc5 12.Qb3 f6 13.Bf7+ Kd8 14.O-O-O Rb8 15.Qc2 cxd4
16.exd4 exd4 17.Nxe4 c5 18.Rhe1 Be7 19.Bg3 Ne5 20.Ng5 h6 21.Bxe5 fxe5 22.Nf3
Rf8 23.Nxe5 Bd7 24.Nxd7 Bg5+ 25.f4 Bxf4+ 26.Kb1 Rxf7 27.Nxb8 Bxb8 28.Qb3 Qc7
29.Qd5+ Qd7 30.Qxc5 d3 31.Re3 d2 32.Qa5+ Bc7 33.Qxd2 Qxd2 34.Rxd2+ Kc8 35.h3
Kb7 36.Rde2 Bd8 37.Rf3 Bf6 38.Rb3+ Kc6 39.Rd3 Bg5 40.Rc2+ Kb5 41.Rb3+ Ka4
42.Rc4+ Ka5 43.Rf3 Re7 44.a4 a6 45.Ka2 Re2 46.Rf5+ Kb6 47.a5+ Kb7 48.Rf7+ Kb8
49.Rb4+ Kc8 50.Rxg7 Re5 51.Rc4+ Kd8 52.b4 Re2+ 53.Kb3 Bf6 54.Rg8+ Kd7 55.Ra8
Rb2+ 56.Ka3 Rxg2 57.Ra7+ Kd8 58.Rxa6 Bb2+ 59.Ka4 h5 60.Rh6 Rg5 61.Rc5 Rg3
62.Rhxh5 Kd7 63.a6 Ke6 64.Rh6+ {#r} 1-0

[Event "7th HD Bank Cup 2017"]
[Site "Ho Chi Minh City VIE"]
[Date "2017.03.12"]
[Round "2.19"]
[White "Saduakassova,D"]
[Black "Kavinda,A"]
[Result "1-0"]
[WhiteElo "2428"]
[BlackElo "2084"]

1.d4 d6 2.Nf3 g6 3.g3 Bg7 4.Bg2 Nd7 5.c4 e5 6.Nc3 Ne7 7.O-O O-O 8.dxe5 dxe5
9.Qc2 Nc6 10.Bg5 f6 11.Be3 Nb6 12.Rad1 Bf5 13.Qc1 Qe8 14.Nb5 Qf7 15.b3 Be6
16.Nc3 Rfd8 17.Ne4 Rxd1 18.Rxd1 Rd8 19.Rxd8+ Nxd8 20.a4 Qe7 21.Ne1 a6 22.Nd3
Bd7 23.Nc3 Bc8 24.a5 Na8 25.Nd5 Qf7 26.Bc5 Bg4 27.Qd2 Ne6 28.Ne3 Qd7 29.Qc2 b6
30.Nxg4 bxc5 31.Bd5 h5 32.Nxc5 {#r} 1-0

[Event "7th HD Bank Cup 2017"]
[Site "Ho Chi Minh City VIE"]
[Date "2017.03.12"]
[Round "2.20"]
[White "Lu Shanglei"]
[Black "Nguyen Thi Mai Hung"]
[Result "1-0"]
[WhiteElo "2624"]
[BlackElo "2347"]

1.e4 e6 2.d4 d5 3.Nd2 Be7 4.Ngf3 Nf6 5.Bd3 c5 6.exd5 Qxd5 7.dxc5 Nbd7 8.b4 a5
9.Bc4 Qh5 10.c3 Nd5 11.Ne4 axb4 12.cxb4 Nxb4 13.Nd6+ Bxd6 14.cxd6 Qc5 15.Bb3
Qb5 16.Qe2 Qa6 17.Qxa6 Rxa6 18.O-O Rxd6 19.Ba3 Rb6 20.Rac1 Nc6 21.Nd2 Ra6
22.Nc4 Nde5 23.Nd6+ Kd7 24.Nb5 Rxa3 25.Nxa3 Ke7 26.Rfd1 Bd7 27.f4 Ng6 28.g3 e5
29.Re1 f6 30.Rcd1 Bg4 31.Rd2 Rb8 32.Nb5 Kf8 33.Kf2 exf4 34.gxf4 h5 35.Kg3 Nge7
36.a4 Nf5+ 37.Kf2 Nh4 38.Re3 Ng6 39.h3 Bc8 40.Nc7 Bf5 41.Be6 Nce7 42.Bxf5 Nxf5
43.Ne6+ Kf7 44.Rd7+ Nge7 45.Re4 g6 46.Nd4 Ke8 47.Rc7 Kd8 48.Nxf5 Kxc7 49.Nxe7
g5 50.Nd5+ Kd6 51.Nxf6 gxf4 52.Nxh5 b5 53.Rb4 {#r} 1-0

[Event "7th HD Bank Cup 2017"]
[Site "Ho Chi Minh City VIE"]
[Date "2017.03.12"]
[Round "2.31"]
[White "Ali,Muhammad Lutfi"]
[Black "Reyes,Narquingden"]
[Result "1-0"]
[WhiteElo "2416"]
[BlackElo "2318"]

1.e4 c6 2.d4 d5 3.exd5 cxd5 4.Bd3 Nc6 5.c3 Nf6 6.h3 g6 7.Bf4 Bg7 8.Nd2 O-O
9.Ngf3 a6 10.Ne5 Nd7 11.Nxd7 Bxd7 12.O-O b5 13.a3 Qb6 14.Re1 Rfe8 15.Nf3 Rad8
16.Re2 Bc8 17.Qd2 Na5 18.Rae1 Bf6 19.Be5 Nc4 20.Bxc4 bxc4 21.Qh6 Bxe5 22.dxe5
f6 23.Nd4 Rf8 24.exf6 Qxf6 25.Rxe7 Qxf2+ 26.Kh1 Rf7 27.Nf3 {#r} 1-0

[Event "7th HD Bank Cup 2017"]
[Site "Ho Chi Minh City VIE"]
[Date "2017.03.12"]
[Round "2.32"]
[White "Nguyen Van Huy"]
[Black "Godbole,A"]
[Result "1-0"]
[WhiteElo "2413"]
[BlackElo "2100"]

1.d4 Nf6 2.Nf3 e6 3.c4 b6 4.g3 Ba6 5.Qa4 c5 6.dxc5 Bxc5 7.Bg2 Bb7 8.O-O O-O
9.Nc3 Nc6 10.Bf4 Qe7 11.Rfd1 h6 12.a3 a5 13.Ne5 Nxe5 14.Bxb7 Neg4 15.Rf1 Ra7
16.Bf3 e5 17.Bxg4 Nxg4 18.Bd2 f5 19.Kg2 d6 20.Rad1 f4 21.f3 Nf6 22.Qc2 Rc7
23.Qd3 Qe6 24.gxf4 Bd4 25.Nb5 Rxc4 26.f5 Qd5 27.Nxd6 Rc6 28.Ne4 Qf7 29.Rc1
Rxc1 30.Bxc1 Nh5 31.e3 Bc5 32.Nxc5 bxc5 33.e4 Rb8 34.Kh1 Rb3 35.Qd8+ Kh7
36.Qxa5 Qc4 37.Qe1 Qd4 38.Qf2 Qd3 39.Qg2 c4 40.Rg1 Qxf3 41.Qxf3 Rxf3 42.Bd2
Nf6 43.Re1 Ng4 44.Re2 g6 45.Kg2 Rd3 46.h3 Nf6 47.fxg6+ Kxg6 48.Bc3 Nd7 49.a4
Nc5 50.a5 Kf6 51.Rf2+ Kg6 52.Bxe5 Nxe4 53.a6 Rd7 54.Rf4 Nc5 55.Rf6+ Kg5 56.Rc6
Nd3 57.Bc7 Nf4+ 58.Bxf4+ Kxf4 59.Rxc4+ Ke3 60.b4 Kd3 61.Rc8 Ra7 62.b5 {#r} 1-0

[Event "7th HD Bank Cup 2017"]
[Site "Ho Chi Minh City VIE"]
[Date "2017.03.12"]
[Round "2.33"]
[White "Sean,W"]
[Black "Li Xueyi"]
[Result "1-0"]
[WhiteElo "2403"]
[BlackElo "2170"]

1.d4 d5 2.Bf4 c5 3.e3 Nc6 4.c3 Nf6 5.Nd2 g6 6.Bd3 Bg7 7.h3 Nd7 8.Ngf3 e5
9.dxe5 Ndxe5 10.Nxe5 Nxe5 11.Bxe5 Bxe5 12.Bb5+ Bd7 13.Qb3 Bg7 14.Ne4 c4 15.Qb4
a5 16.Nd6+ Kf8 17.Qc5 Kg8 18.Bxd7 Qxd7 19.Qxd5 Rd8 20.O-O-O Bf8 21.Ne4 Qxd5
22.Rxd5 Rxd5 23.Nf6+ Kg7 24.Nxd5 b5 25.Rd1 Bd6 26.a4 Rb8 27.Nf6 Be7 28.Nd7 Rb7
29.Rd5 bxa4 30.Nc5 Rb6 31.Nxa4 Rf6 32.f3 Re6 33.Kd2 Ra6 34.e4 f5 35.exf5 Bg5+
36.Kc2 gxf5 37.Rxf5 Kg6 38.g4 {#r} 1-0

[Event "7th HD Bank Cup 2017"]
[Site "Ho Chi Minh City VIE"]
[Date "2017.03.12"]
[Round "2.34"]
[White "To,N"]
[Black "Mareco,S"]
[Result "0-1"]
[WhiteElo "2317"]
[BlackElo "2664"]

1.c4 e5 2.Nc3 Nf6 3.Nf3 Nc6 4.e3 Bb4 5.Qc2 d6 6.Be2 Bxc3 7.Qxc3 e4 8.Nd4 Ne5
9.b4 O-O 10.Bb2 Re8 11.f4 exf3 12.gxf3 c5 13.Nc2 Bf5 14.e4 Bg6 15.O-O-O cxb4
16.Qxb4 Rc8 17.d3 Nh5 18.Qd2 Qh4 19.Kb1 Nf4 20.Bc1 Nxe2 21.Qxe2 f5 22.Rhg1 Qh5
23.Nd4 fxe4 24.fxe4 Qxe2 25.Nxe2 Bh5 26.Rg2 Bf3 27.Rf2 Rf8 28.Bb2 Nxd3 29.Rxd3
Bxe4 30.Rxf8+ Rxf8 31.Kc2 Rf3 32.Nc1 Rf2+ 33.Kb3 Bxd3 34.Nxd3 Rxh2 35.Ba3 h5
36.Bxd6 Rd2 37.Kc3 Rxa2 38.Be7 Kf7 39.Bd8 Rg2 40.Nc5 b6 41.Ne4 h4 42.Bxh4 Rg4
43.Ng5+ Kg8 44.Nf3 Rf4 {#R} 0-1

[Event "7th HD Bank Cup 2017"]
[Site "Ho Chi Minh City VIE"]
[Date "2017.03.12"]
[Round "2.35"]
[White "Kyaw Lin Naing"]
[Black "Bogdanovich,S"]
[Result "1-0"]
[WhiteElo "2289"]
[BlackElo "2602"]

1.e4 Nc6 2.Nf3 d6 3.d4 Nf6 4.Nc3 Bg4 5.Be2 g6 6.h3 Bxf3 7.Bxf3 Bg7 8.Be3 O-O
9.Qd2 e5 10.dxe5 dxe5 11.O-O-O Qe7 12.Bg5 Nd4 13.Qe3 c6 14.Ne2 Ne6 15.Bh4 a5
16.Kb1 a4 17.Nc1 Qc7 18.Bg4 Rfe8 19.Bxe6 Rxe6 20.Rd3 Ne8 21.Rhd1 Nd6 22.f3 Bf8
23.Bf2 Nc4 24.Qe2 Qa5 25.Be1 Qb6 26.Bc3 Ba3 27.b3 Bc5 28.Ka1 Na3 29.Bb2 Nb5
30.bxa4 Rxa4 31.Rb3 Qc7 32.Qd2 Rd6 33.Rd3 f6 34.Nb3 Qf7 35.Rxd6 Bxd6 36.Qe3
Kf8 37.Rd3 Ke7 38.Qb6 Ke8 39.Qe3 Kd8 40.Kb1 Kc7 41.Qe1 h5 42.Qe3 h4 43.Qe1 g5
44.Qe3 Qc4 45.Rd1 Ra6 46.Qd3 Qa4 47.Nc1 Rb6 48.Nb3 Ra6 49.Nc1 c5 50.Qb3 c4
51.Qxa4 Rxa4 52.Ne2 Bb4 53.Rd5 Kc6 54.c3 Be7 55.Rd2 Nc7 56.Nc1 Ne6 57.Ne2 Bc5
58.Bc1 Ra8 59.Rd5 Rg8 60.Rd1 Bb6 61.Ba3 Bc5 62.Bxc5 Nxc5 63.Nc1 b5 64.Rd5 Re8
65.Rd2 Ra8 66.Kb2 Rb8 67.a3 Rf8 68.Kc2 Ra8 69.Kb2 Ra7 70.Rd8 Ne6 71.Rd2 Nf4
72.Rf2 Rd7 73.Kc2 Kb6 74.Ne2 Nd3 75.Rf1 Ra7 76.Ra1 Ka5 77.Rd1 Ka4 78.Nc1 Rd7
79.Nxd3 cxd3+ 80.Kb2 Rd8 81.Ka2 Rd6 82.Kb2 Rd7 83.Ka2 Ka5 84.Kb3 Kb6 85.c4 Kc5
86.cxb5 Kd4 87.a4 Ke3 88.a5 Ke2 89.Ra1 d2 90.a6 Rc7 91.Ra2 Ke3 92.Rxd2 Kxd2
93.b6 Rc6 94.b7 Rb6+ 95.Kc4 Ke3 96.a7 Rxb7 97.a8=Q Rb1 98.Qa7+ Kf4 99.Qa6 Kg3
100.Qxf6 Kxg2 101.Qxg5+ Kxf3 102.Qxh4 Ke3 103.Qg3+ {#r} 1-0

[Event "7th HD Bank Cup 2017"]
[Site "Ho Chi Minh City VIE"]
[Date "2017.03.12"]
[Round "2.36"]
[White "Torre,E"]
[Black "Le Thanh Tu"]
[Result "1-0"]
[WhiteElo "2481"]
[BlackElo "2271"]

1.d4 c5 2.d5 Nf6 3.Nc3 d6 4.e4 g6 5.Nf3 Bg7 6.Be2 O-O 7.O-O Na6 8.h3 Nc7 9.Re1
a6 10.a4 Rb8 11.a5 Bd7 12.Bc4 Bb5 13.Qd3 Bxc4 14.Qxc4 Nd7 15.Bf4 b5 16.axb6
Rxb6 17.Qa2 Nf6 18.Nd2 Nh5 19.Be3 e5 20.Nc4 Rb8 21.Na5 Qh4 22.f3 Nf4 23.Bxf4
Qxf4 24.Nc4 Qf6 25.Ne2 Qe7 26.c3 Bh6 27.Qa4 f5 28.Qc2 Rf6 29.Rad1 Qd7 30.Rf1
Rbf8 31.exf5 gxf5 32.f4 e4 33.Ne3 Rg6 34.Qb3 Kh8 35.Kh2 Rfg8 36.Rg1 Ne8 37.c4
Nf6 38.g3 Nh5 39.Qc3+ Bg7 40.Qd2 Bf6 41.Ra1 Rb8 42.Ra2 Rb3 43.Rg2 Rd3 44.Qc1
Bd4 45.Nf1 Qb7 46.Nxd4 cxd4 47.c5 Qxd5 48.c6 Rg8 49.c7 Rc8 50.Rxa6 Qb5 51.Rxd6
Qa5 52.Rc6 e3 53.Qc4 Rd1 54.b4 Qa1 55.Qe6 Qa8 56.Ra6 Qb7 57.Ra7 {#r} 1-0

[Event "7th HD Bank Cup 2017"]
[Site "Ho Chi Minh City VIE"]
[Date "2017.03.12"]
[Round "2.37"]
[White "Dao Thien Hai"]
[Black "Tran Ngoc Lan"]
[Result "1-0"]
[WhiteElo "2478"]
[BlackElo "2254"]

1.d4 d5 2.c4 e5 3.dxe5 d4 4.Nf3 Nc6 5.g3 Nge7 6.Bg2 Ng6 7.O-O Ngxe5 8.Nxe5
Nxe5 9.b3 Bc5 10.Bb2 O-O 11.Nd2 f5 12.Nf3 Nxf3+ 13.Bxf3 c6 14.Qd3 f4 15.Be4
Qg5 16.Bxd4 Bh3 17.Bxc5 Qxc5 18.Rfd1 Rae8 19.Bxh7+ Kh8 20.Bg6 Re6 21.gxf4 Bf5
22.Bxf5 Rxf5 23.Qf3 Rh6 24.Rd7 Qf8 25.e3 Qf6 26.Rad1 Qg6+ 27.Qg3 Qf6 28.R7d6
Qe7 29.Rxh6+ gxh6 30.Kf1 Rh5 31.h3 Qe6 32.Rd8+ Kh7 33.Qg4 {#r} 1-0

[Event "7th HD Bank Cup 2017"]
[Site "Ho Chi Minh City VIE"]
[Date "2017.03.12"]
[Round "2.38"]
[White "Gatus,E"]
[Black "Antonio,R"]
[Result "0-1"]
[WhiteElo "2247"]
[BlackElo "2465"]

1.e4 c6 2.Nc3 d5 3.Nf3 Nf6 4.e5 Ne4 5.Be2 c5 6.O-O Nxc3 7.dxc3 Nc6 8.Bf4 Bf5
9.Bd3 Bxd3 10.Qxd3 e6 11.c4 d4 12.Rad1 Be7 13.Qe4 Qb6 14.Bc1 Qa6 15.Nd2 Qxa2
16.f4 g6 17.g4 Qa6 18.f5 gxf5 19.gxf5 O-O-O 20.Kh1 Rdg8 21.fxe6 fxe6 22.Rf7 h5
23.Qe2 Bg5 24.Rdf1 Ne7 25.R1f3 Bxd2 26.Bxd2 Qc6 27.h3 Rg4 28.hxg4 hxg4+ 29.Kg1
gxf3 30.Qxf3 Qxf3 31.Rxf3 Rh5 32.Rg3 Rf5 33.Rg5 Rxg5+ 34.Bxg5 Nc6 35.Bf4 Nb4
36.c3 dxc3 37.bxc3 Nd3 38.Bg3 Nb2 39.Kf2 Kd7 40.Ke2 Kc6 {#R} 0-1

[Event "7th HD Bank Cup 2017"]
[Site "Ho Chi Minh City VIE"]
[Date "2017.03.12"]
[Round "2.39"]
[White "Liu,Xiangyi"]
[Black "Lu Chan Hung"]
[Result "1-0"]
[WhiteElo "2443"]
[BlackElo "2243"]

1.e4 c5 2.Nf3 Nf6 3.e5 Nd5 4.d4 cxd4 5.Qxd4 e6 6.Bc4 Nc6 7.Qe4 f5 8.exf6 Nxf6
9.Qe2 b6 10.Nc3 Bb7 11.a3 Bc5 12.Bg5 O-O 13.Rd1 Qe8 14.Bxf6 Rxf6 15.Ne4 Rf5
16.Nxc5 bxc5 17.Qe3 d5 18.Bd3 d4 19.Qe2 Rh5 20.O-O Qf7 21.Be4 Rh6 22.b4 cxb4
23.axb4 Nxb4 24.Bxb7 Qxb7 25.Rxd4 Rf8 26.Ne5 Qb6 27.Rfd1 Qa5 28.Qe1 Qa3 29.Rd7
Rhf6 30.Rd8 {#r} 1-0

[Event "7th HD Bank Cup 2017"]
[Site "Ho Chi Minh City VIE"]
[Date "2017.03.12"]
[Round "2.41"]
[White "Schebler,G"]
[Black "Thilakarathne,G M H"]
[Result "0-1"]
[WhiteElo "2402"]
[BlackElo "2213"]

1.Nf3 Nf6 2.g3 e6 3.Bg2 d5 4.O-O Be7 5.c4 O-O 6.d4 dxc4 7.Qa4 Bd7 8.Qxc4 Bc6
9.Bg5 Bd5 10.Qc2 Be4 11.Qc1 c6 12.Rd1 Nbd7 13.Nbd2 Bg6 14.Nc4 h6 15.Bxf6 Nxf6
16.a3 a5 17.Nfe5 Bh7 18.Qc3 Qc7 19.Rac1 Rfd8 20.Nd3 Ne4 21.Bxe4 Bxe4 22.f3 Bh7
23.e3 a4 24.Kf2 Rd5 25.e4 Rb5 26.Nce5 f6 27.Ng4 f5 28.Qc4 Qd6 29.e5 Qd5 30.Ne3
Qxc4 31.Nxc4 Rd8 32.Ke3 g5 33.f4 Bg6 34.Nc5 Rxc5 35.dxc5 Bxc5+ 36.Ke2 Bh5+
37.Ke1 Rxd1+ 38.Rxd1 Bxd1 39.Kxd1 gxf4 40.gxf4 b6 {#R} 0-1

[Event "7th HD Bank Cup 2017"]
[Site "Ho Chi Minh City VIE"]
[Date "2017.03.12"]
[Round "2.42"]
[White "Tu Hoang Thong"]
[Black "Le,Minh Hoang"]
[Result "1-0"]
[WhiteElo "2392"]
[BlackElo "2198"]

1.Nf3 Nf6 2.c4 c6 3.g3 d5 4.Bg2 Bg4 5.d4 e6 6.Qb3 Qc8 7.Nc3 Nbd7 8.h3 Bh5
9.Nh4 Bd6 10.g4 Bg6 11.Nxg6 hxg6 12.Bd2 Rb8 13.g5 dxc4 14.Qxc4 Nd5 15.Ne4 Be7
16.O-O-O Qc7 17.Kb1 Rh4 18.e3 a5 19.Rc1 Qb6 20.Ka1 Ra8 21.a3 e5 22.Rhf1 exd4
23.exd4 Nf4 24.Bf3 Qc7 25.Bg4 Nxh3 26.f3 Nb6 27.Qc2 Nf4 28.Rh1 Rxh1 29.Rxh1
Ne6 30.Rh8+ Nf8 31.Rg8 Nd5 32.Rxg7 Qh2 33.Qb3 Ra7 34.Nc3 Qxd2 35.Nxd5 Qc1+
36.Ka2 cxd5 37.Qxd5 {#r} 1-0

[Event "7th HD Bank Cup 2017"]
[Site "Ho Chi Minh City VIE"]
[Date "2017.03.12"]
[Round "2.45"]
[White "Rowe,D"]
[Black "Abhishek,K"]
[Result "0-1"]
[WhiteElo "2162"]
[BlackElo "2381"]

1.e4 c6 2.d4 d5 3.e5 Bf5 4.Nf3 e6 5.Be2 Bb4+ 6.c3 Ba5 7.O-O Nd7 8.a4 Bc7
9.Nbd2 f6 10.Re1 fxe5 11.Nxe5 Nxe5 12.dxe5 Ne7 13.Bh5+ Bg6 14.Qg4 Qc8 15.Nf3
O-O 16.Nd4 Bxh5 17.Qxh5 Nf5 18.a5 Qd7 19.a6 b5 20.Nf3 Bb6 21.Rd1 h6 22.b3 Rf7
23.Ra2 Bc5 24.Qg6 Raf8 25.c4 bxc4 26.bxc4 Rb8 27.Rc2 Bf8 28.g3 Rb6 29.g4 Ne7
30.Qd3 Rxa6 31.Nd4 Ra4 32.Qb3 c5 33.Nb5 Rb4 34.Qa2 Ng6 35.Bd2 Rxc4 36.Rxc4
dxc4 37.Nd6 Bxd6 38.Bc3 Qc6 39.Rxd6 Qe4 40.h3 Nh4 {#R} 0-1

[Event "7th HD Bank Cup 2017"]
[Site "Ho Chi Minh City VIE"]
[Date "2017.03.12"]
[Round "2.46"]
[White "Pham Chuong"]
[Black "Vasilyev,M"]
[Result "1-0"]
[WhiteElo "2377"]
[BlackElo "2165"]

1.d4 Nf6 2.c4 g6 3.Nc3 Bg7 4.g3 O-O 5.Bg2 d6 6.Nf3 Nc6 7.O-O Bf5 8.Ne1 e5 9.d5
Na5 10.e4 Bg4 11.f3 Bd7 12.b3 a6 13.Be3 c5 14.dxc6 Bxc6 15.Nd5 Nd7 16.Rc1 b6
17.Qd2 Nb7 18.Bh3 Ndc5 19.b4 Na4 20.Rf2 a5 21.a3 axb4 22.axb4 Rb8 23.Nc2 Kh8
24.Na3 f6 25.Nb5 f5 26.Bg5 Qd7 27.Qd1 Bxb5 28.cxb5 Qxb5 29.Rc7 Qa6 30.Rfc2
fxe4 31.Rxg7 Kxg7 32.Rc7+ Rf7 33.Bf6+ Kf8 34.Qc1 Nd8 35.Qh6+ Ke8 36.Rxf7 Nxf7
37.Nc7# 1-0

[Event "7th HD Bank Cup 2017"]
[Site "Ho Chi Minh City VIE"]
[Date "2017.03.12"]
[Round "2.51"]
[White "Kathmale,S"]
[Black "Zhao,Shengxin"]
[Result "1-0"]
[WhiteElo "2323"]
[BlackElo "2094"]

1.e4 c5 2.Nf3 d6 3.d4 cxd4 4.Nxd4 Nf6 5.Nc3 a6 6.h3 e5 7.Nb3 Be6 8.f4 exf4
9.Bxf4 Nc6 10.Qe2 Ne5 11.O-O-O Qc7 12.Nd4 Rc8 13.Kb1 Be7 14.g4 Qb6 15.Qe3 Nfd7
16.Nf5 Bxf5 17.Qxb6 Nxb6 18.exf5 O-O 19.Bg2 Nbc4 20.Nd5 Rfe8 21.g5 Rc5 22.Bxe5
Nxe5 23.Nxe7+ Rxe7 24.Rxd6 Rd7 25.Rxd7 Nxd7 26.Bxb7 Rxf5 27.Bc8 Rd5 28.c4 {#r}
1-0

[Event "St Louis Winter Classic A"]
[Site "Saint Louis USA"]
[Date "2017.03.12"]
[Round "2.1"]
[White "Howell,D"]
[Black "Xiong,Jeffery"]
[Result "1-0"]
[WhiteElo "2667"]
[BlackElo "2674"]

1.Nf3 Nf6 2.c4 b6 3.Nc3 Bb7 4.d4 e6 5.a3 g6 6.Qc2 c5 7.dxc5 bxc5 8.Bf4 Nh5
9.Bg5 f6 10.Be3 f5 11.Rd1 Be7 12.g3 g5 13.Bg2 f4 14.gxf4 gxf4 15.Bc1 Nc6
16.Qd3 Rg8 17.Rg1 Nf6 18.Bxf4 Qa5 19.Kf1 O-O-O 20.Nb5 Rdf8 21.Bh3 Rxg1+
22.Kxg1 Rg8+ 23.Kf1 Qb6 24.Nd6+ Bxd6 25.Qxd6 Rd8 26.Ng5 Ba6 27.Nf7 Bxc4
28.Nxd8 Nxd8 29.Rc1 {#r} 1-0

[Event "St Louis Winter Classic A"]
[Site "Saint Louis USA"]
[Date "2017.03.12"]
[Round "2.4"]
[White "Li,Ruifeng"]
[Black "Sevian,Samuel"]
[Result "0-1"]
[WhiteElo "2577"]
[BlackElo "2587"]

1.b3 d5 2.Bb2 Bg4 3.f3 Bf5 4.e3 Nd7 5.d4 e6 6.Nc3 Bg6 7.Nge2 c5 8.Qd2 Rc8 9.h4
h6 10.O-O-O cxd4 11.exd4 b5 12.Nf4 b4 13.Ne4 dxe4 14.Nxg6 fxg6 15.fxe4 Qa5
16.Bc4 Rxc4 17.bxc4 Qxa2 18.Qd3 Nb6 19.Qb3 Qa6 20.c5 Nc4 21.Qxb4 Nf6 22.d5 Nd7
23.dxe6 Ndb6 24.Rd5 Be7 25.Bxg7 Rf8 26.Qb3 Rf6 27.Bxf6 Bxf6 28.c3 Qa1+ 29.Kc2
Qxh1 30.Qb5+ Kf8 31.Qc6 Qxg2+ 32.Kc1 Qb2+ {#R} 0-1

[Event "St Louis Winter Classic A"]
[Site "Saint Louis USA"]
[Date "2017.03.12"]
[Round "2.5"]
[White "Ipatov,Alexander"]
[Black "Fedoseev,Vl3"]
[Result "0-1"]
[WhiteElo "2660"]
[BlackElo "2658"]

1.d4 d5 2.c4 c6 3.Nf3 Nf6 4.Nc3 e6 5.g3 dxc4 6.Bg2 Nbd7 7.O-O b5 8.e4 Bb7 9.e5
Nd5 10.Ng5 h6 11.Nxe6 fxe6 12.Qh5+ Ke7 13.Ne4 Qe8 14.Bg5+ hxg5 15.Qxh8 Kd8
16.Nxg5 Kc8 17.a4 c5 18.axb5 cxd4 19.Rfc1 N5b6 20.Ne4 Qd8 21.Qg8 Bd5 22.b3 Nc5
23.bxc4 Bxe4 24.Bxe4 Nxe4 25.Qxe6+ Kb8 26.Qg6 Nc3 27.Re1 Be7 28.Qxg7 Nxc4
29.Qf7 Nb2 30.e6 Nd3 31.Rf1 Nc5 32.h4 Kb7 33.h5 Qf8 34.Qh7 Qf6 35.Rae1 Rh8
36.Qf7 N3e4 37.Kg2 Qg5 38.Qf3 Rf8 39.Qd1 Rxf2+ {#R} 0-1